| 000 -LEADER |
| fixed length control field |
00620nam a2200205Ia 4500 |
| 001 - CONTROL NUMBER |
| control field |
14882 |
| 003 - CONTROL NUMBER IDENTIFIER |
| control field |
GE_BSU |
| 008 - FIXED-LENGTH DATA ELEMENTS--GENERAL INFORMATION |
| fixed length control field |
181216s||||||||xx |||||||||||||| ||und|| |
| 040 ## - CATALOGING SOURCE |
| Transcribing agency |
GE_BSU |
| 080 ## - UNIVERSAL DECIMAL CLASSIFICATION NUMBER |
| Universal Decimal Classification number |
51(072) |
| 100 ## - MAIN ENTRY--PERSONAL NAME |
| Personal name |
Басова, Л.А., Шубин, М. А., Элштейн, Л. А. |
| 245 ## - TITLE STATEMENT |
| Title |
Лекции и задачи по математике. |
| 245 ## - TITLE STATEMENT |
| Remainder of title |
Пособие для учителей . |
| 260 ## - PUBLICATION, DISTRIBUTION, ETC. |
| Place of publication, distribution, etc. |
Москва |
| 260 ## - PUBLICATION, DISTRIBUTION, ETC. |
| Name of publisher, distributor, etc. |
ПросвеЩение. |
| 260 ## - PUBLICATION, DISTRIBUTION, ETC. |
| Date of publication, distribution, etc. |
1981 |
| 300 ## - PHYSICAL DESCRIPTION |
| Extent |
95 стр. 21см. |
| 653 ## - INDEX TERM--UNCONTROLLED |
| Uncontrolled term |
Лекции и задачи по математике. |
| 942 ## - ADDED ENTRY ELEMENTS (KOHA) |
| Koha item type |
წიგნი |